Geronimo Stilton, Secret Agent (Record no. 11665)

MARC details
000 -LEADER
fixed length control field 00268nam a22000977a 4500
008 - FIXED-LENGTH DATA ELEMENTS--GENERAL INFORMATION
fixed length control field 191125b ||||| |||| 00| 0 eng d
020 ## - INTERNATIONAL STANDARD BOOK NUMBER
International Standard Book Number 9780545021340
100 ## - MAIN ENTRY--PERSONAL NAME
Personal name Stilton Geronimo
9 (RLIN) 7367
245 ## - TITLE STATEMENT
Title Geronimo Stilton, Secret Agent
260 ## - PUBLICATION, DISTRIBUTION, ETC. (IMPRINT)
Place of publication, distribution, etc. Mumbai
Name of publisher, distributor, etc. Repro Pvt Ltd
Date of publication, distribution, etc. 2013
Holdings
Withdrawn status Lost status Source of classification or shelving scheme Damaged status Koha normalized classification for sorting Not for loan Home library Current library Shelving location Date acquired Total Checkouts Full call number Barcode Date last seen Date last checked out Price effective from Koha item type
    Dewey Decimal Classification   853_000000000000000_N1   Good Samaritan School Library Good Samaritan School Library FICTION 11/25/2019 3 853 N-1 STI15696 08/30/2024 08/29/2024 11/25/2019 BOOK

Powered by Koha